| 000 | 01096cam a22003131a 4500 | ||
|---|---|---|---|
| 001 | agr51000245 | ||
| 003 | DLC | ||
| 005 | 20260227111015.0 | ||
| 008 | 770711s1950 dcua b f000 0 eng c | ||
| 010 | _aagr51000245 | ||
| 035 | _a(OCoLC)3106881 | ||
| 040 |
_aU.S. Dept. of Agr. Libr. _cNbU _dDNAL _dDLC |
||
| 042 | _apremarc | ||
| 050 | 0 | 0 |
_aS21 _b.A72 no. 1026 |
| 070 | 0 |
_a1 _bAg84Te no.1026 |
|
| 072 | 0 | _aP200 | |
| 082 | _a532.5 | ||
| 100 | 1 |
_aEinstein, H. A. _q(Hans Albert), _d1904- |
|
| 245 | 1 | 4 |
_aThe bed-load function for sediment transportation in open channel flows / _cby Hans Albert Einstein. |
| 260 |
_aWashington : _bU.S. Dept. of Agriculture, _c1950. |
||
| 300 |
_a71 p. : _bill. ; _c23 cm. |
||
| 490 | 1 |
_aTechnical bulletin / United States Department of Agriculture ; _vno. 1026 |
|
| 500 | _aCover title. | ||
| 500 | _aContribution from Soil Conservation Service. | ||
| 504 | _aLiterature cited: p. 68. | ||
| 500 | _aErrata included. | ||
| 650 | 0 | _aSedimentation and deposition. | |
| 830 | 0 |
_aTechnical bulletin (United States. Department of Agriculture) ; _vno. 1026. |
|
| 999 |
_c11328 _d11328 |
||